000 00474cam a22002051 4500
001 sa 65003050
003 DLC
005 20260227112120.0
008 890620s1964 ii 000 0 hino
010 _asa 65003050
035 _a(OCoLC)19900909
040 _aDLC
_cWaU
_dDLC
042 _apremarc
050 0 0 _aPK2098.S49
_bS3
100 1 _aSharma, Shri Ram,
_d1909-
245 1 0 _aSamajhautā.
260 _c[1964]
300 _a212 p.
_c19 cm.
500 _aIn Hindi.
999 _c62946
_d62946